[Event "VII Lorca Open 2018"]
[Site "Lorca"]
[Date "2018.12.29"]
[Round "6"]
[White "Manu David Suthandram R"]
[Black "Vazquez Igarza, Renier"]
[Result "1/2-1/2"]
[WhiteElo "2153"]
[BlackElo "2570"]
[Annotator "ChessBase"]
[PlyCount "86"]
[EventDate "2018.12.26"]
[EventType "swiss"]
[EventCountry "ESP"]
[SourceTitle "playchess.com"]
[Source "ChessBase"]
[SourceQuality "1"]
[TimeControl "5400+30"]

1. e4 {[%emt 0:00:00]} c5 {[%emt 0:06:11]} 2. Nf3 {[%emt 1:31:00]} e6 3. Nc3 Nc6 4. Bb5 Nge7 5. O-O a6 6. Bxc6 Nxc6 7. e5 d5 8. exd6 Bxd6 9. d3 Be7 10. Ne4 O-O 11. c3 b6 12. Re1 Bb7 13. d4 cxd4 14. cxd4 Rc8 15. a3 Na5 16. Qd3 Qd5 17. Nc3 Qc4 18. Qxc4 Nxc4 19. d5 Bf6 20. dxe6 fxe6 21. Ne4 Bxe4 22. Rxe4 Nxb2 23. Rb1 Nc4 24. Rxe6 Kf7 25. Re2 b5 26. a4 bxa4 27. Ra2 Rfd8 28. Kf1 Rd5 29. Rxa4 a5 30. Bf4 h6 31. g4 Bc3 32. Kg2 Nb2 33. Ra3 Nd3 34. Be3 Bf6 35. Kf1 Nb2 36. Nd2 Rc2 37. Ke1 a4 38. Ne4 Be7 39. Rxb2 Rxb2 40. Rxa4 Rb4 41. Rxb4 Bxb4+ 42. Ke2 Ra5 43. Kf3 {[%emt 0:00:00]} Be7 {[%emt 0:20:09]} 1/2-1/2

[Event "VII Lorca Open 2018"]
[Site "Lorca"]
[Date "2018.12.29"]
[Round "6"]
[White "Korneev Leskova, Svyatoslav"]
[Black "Melero Fidalgo, Juan De Dios"]
[Result "1-0"]
[WhiteElo "2134"]
[BlackElo "2348"]
[Annotator "NA"]
[PlyCount "43"]
[EventDate "2018.12.26"]
[EventType "swiss"]
[EventCountry "ESP"]
[SourceTitle "playchess.com"]
[Source "ChessBase"]
[SourceQuality "1"]
[TimeControl "5400+30"]

1. c4 {[%emt 0:01:16]} e5 {[%emt 0:00:00]} 2. Nc3 {[%emt 0:00:08]} Bb4 {[%emt 0:00:12]} 3. Nd5 {[%emt 0:00:15]} Be7 {[%emt 0:00:10]} 4. g3 {[%emt 0:02:35]} c6 {[%emt 0:00:06]} 5. Nxe7 {[%emt 0:04:56]} Qxe7 {[%emt 0:00:30]} 6. Bg2 {[%emt 0:00:30]} Nf6 {[%emt 0:00:30]} 7. e4 {[%emt 0:00:30]} O-O {[%emt 0:00:30]} 8. Ne2 {[%emt 0:00:30]} Na6 {[%emt 0:00:30]} 9. d3 {[%emt 0:00:30]} Rd8 {[%emt 0:00:30]} 10. Nc3 {[%emt 0:00:30]} Nc7 {[%emt 0:00:30]} 11. Qb3 {[%emt 0:00:30]} Ne6 {[%emt 0:00:30]} 12. O-O {[%emt 0:00:30]} d6 {[%emt 0:00:30]} 13. h3 {[%emt 0:00:30]} Rb8 {[%emt 0:00:30]} 14. a4 {[%emt 0:00:30]} Nd7 {[%emt 0:00:30]} 15. Be3 {[%emt 0:00:30]} a5 {[%emt 0:00:30]} 16. Qa3 {[%emt 0:00:30]} Nec5 {[%emt 0:00:30]} 17. Rfd1 {[%emt 0:00:30]} Na6 {[%emt 0:00:30]} 18. Na2 {[%emt 0:00:30]} Ndc5 {[%emt 0:00:30]} 19. b4 {[%emt 0:00:30]} axb4 {[%emt 0:00:30]} 20. Nxb4 {[%emt 0:00:30]} Ra8 {[%emt 0:00:30]} 21. Nxa6 {[%emt 0:00:30]} Rxa6 {[%emt 0:00:30]} 22. Qb4 {[%emt 0:00:30]} 1-0

[Event "VII Lorca Open 2018"]
[Site "Lorca"]
[Date "2018.12.29"]
[Round "7"]
[White "Grigoryan, Karen H."]
[Black "Solozhenkin, Evgeniy"]
[Result "1-0"]
[WhiteElo "2557"]
[BlackElo "2427"]
[Annotator "TA"]
[PlyCount "52"]
[EventDate "2018.12.26"]
[EventType "swiss"]
[EventCountry "ESP"]
[SourceTitle "playchess.com"]
[Source "ChessBase"]
[SourceQuality "1"]

{[%evp 29,52,0,0,0,15,6,6,-1,0,-36,-54,-69,17,20,45,45,53,0,-5,-53,-43,-73,31,31,31]} 1. e4 e6 2. d3 d5 3. Nd2 c5 4. g3 Nc6 5. Bg2 Nf6 6. Ngf3 Be7 7. O-O O-O 8. e5 Nd7 9. Re1 b5 10. Nf1 {[%cal Bd2f1,Bf1h2,Bh2g4][%mdl 32]} a5 11. h4 b4 12. h5 {C00: French: Unusual White 2nd moves} (12. Bf4 a4 13. a3 bxa3 14. bxa3 Re8 15. Ne3 Bb7 16. h5 Bf8 17. Rb1 Rb8 18. c4 dxc4 19. dxc4 Qc7 20. Qxa4 Nd4 21. Nd2 Bxg2 22. Nxg2 {½-½ (38) Giri,A (2785)-So,W (2815) chess.com INT 2017}) 12... Ba6 13. h6 g6 14. N1h2 a4 15. Ng4 Nd4 {LiveBook: 5 Games} 16. c4 bxc3 17. bxc3 Nxf3+ 18. Bxf3 Rb8 19. Ba3 $146 ({Predecessor:} 19. Bf4) 19... Qa5 $1 {[%cal Ra5c3]} 20. Qc2 {[#]} Rfc8 (20... Bxd3 $1 $15 {[%mdl 512]} 21. Qxd3 c4) 21. c4 $11 dxc4 22. dxc4 Nb6 23. Re4 ({White should try} 23. Be2 $1 $14) 23... Rd8 {With the idea ...Rd2.} 24. Rb1 Rd2 25. Qc1 {next Bb4 is good for White.} Rbd8 ({Black should play} 25... Rxa2 $17 26. Nf6+ Bxf6 27. exf6 Rc8) 26. Bb2 $1 $14 {[%cal Rb2c3]} Bb7 $1 1-0

[Event "VII Lorca Open 2018"]
[Site "Lorca"]
[Date "2018.12.29"]
[Round "7"]
[White "Plaskett, H James"]
[Black "Montanes Arribas, Adrian"]
[Result "0-1"]
[WhiteElo "2454"]
[BlackElo "2242"]
[Annotator "TA"]
[PlyCount "37"]
[EventDate "2018.12.26"]
[EventType "swiss"]
[EventCountry "ESP"]
[SourceTitle "playchess.com"]
[Source "ChessBase"]
[SourceQuality "1"]

{[%evp 14,37,0,0,13,0,6,0,0,0,5,-43,-34,-39,-24,-31,-40,-36,-36,-116,-129,-107,-127,-127,-126,-118]} 1. e4 c5 2. Nc3 d6 3. f4 g6 4. Nf3 Bg7 5. Bc4 Nc6 6. O-O Nf6 7. d3 O-O 8. Bb3 {LiveBook: 11 Games. B23: Closed Sicilian: Lines without g3} (8. f5 gxf5 9. Qe1 fxe4 10. dxe4 Be6 11. Nd5 Ne5 12. Nxe5 dxe5 13. Bg5 Bxd5 14. exd5 Qd6 15. Qh4 Nxd5 16. Rad1 e6 17. Rf6 Qc7 18. Bxd5 exd5 19. Rd3 Rfd8 20. Bh6 Bxh6 21. Qxh6 e4 22. Rg3+ {1-0 (22) Caruana,F (2709)-Gelfand,B (2741) Moscow 2010}) 8... Rb8 9. a4 Bg4 $146 ({Predecessor:} 9... a6 10. Kh1 Bg4 11. Ne2 Qc7 12. c3 b5 13. axb5 axb5 14. Bd2 c4 15. Bc2 cxd3 16. Bxd3 {0-1 (50) Bauriedel,H (1725)-Landau,C (1955) Duesseldorf 1998}) 10. Be3 {The position is equal.} Nd4 11. Bxd4 cxd4 12. Nb1 Bd7 13. Nbd2 Ng4 {Hoping for ...Ne3.} 14. Nc4 b5 $36 {[%mdl 2048] White is under pressure.} 15. axb5 Bxb5 16. Nfd2 ({White should try} 16. Ng5 $15 Bxc4 17. Qxg4 Bxb3 18. cxb3) 16... Ne3 $17 {Black is better.} 17. Nxe3 dxe3 18. Nf3 Bxb2 19. Rb1 0-1

[Event "VII Lorca Open 2018"]
[Site "Lorca"]
[Date "2018.12.29"]
[Round "7"]
[White "Gomez Ledo, Roberto Carlos"]
[Black "Martinez Fernandez, Adrian"]
[Result "1-0"]
[WhiteElo "2448"]
[BlackElo "2212"]
[Annotator "TA"]
[PlyCount "45"]
[EventDate "2018.12.26"]
[EventType "swiss"]
[EventCountry "ESP"]
[SourceTitle "playchess.com"]
[Source "ChessBase"]
[SourceQuality "1"]

{[%evp 23,45,89,98,102,109,109,110,86,143,135,146,133,177,178,176,172,183,183,174,182,150,158,170,145]} 1. d4 d5 2. Nf3 Nf6 3. c3 c5 4. e3 e6 5. Nbd2 Bd6 6. Bd3 O-O 7. O-O Nbd7 8. Re1 {[%cal Bf1e1,Be1e4,Be4h4][%mdl 32]} e5 9. e4 cxd4 10. cxd4 dxe4 {D05: Colle System with ...e6} (10... h6 11. exd5 exd4 12. Nc4 Nb6 13. Nxd6 Qxd6 14. Nxd4 Nbxd5 15. Bf1 Rd8 16. Nb5 Qb6 17. Qf3 Bd7 18. Nc3 Bc6 19. Nxd5 Rxd5 20. b3 Re5 21. Qc3 Ng4 22. Be3 Nxe3 23. Qxe5 {½-½ (23) Onischuk,A (2685)-Duda,J (2697) Khanty-Mansiysk 2017}) 11. Nxe4 Nxe4 12. Rxe4 Nf6 {LiveBook: 3 Games. White is better.} 13. Bg5 $1 Bf5 14. Bxf6 gxf6 15. Rh4 Bg6 $146 {[#]} ({Black should try} 15... Qd7) ({Predecessor:} 15... Qd7 16. Qb3 Rfd8 17. Bxf5 Qxf5 18. h3 exd4 {1-0 (28) Iniguez,M (2298)-Broniek,M (2332) ICCF email 2010}) 16. Bxg6 $1 $16 {White is clearly better.} fxg6 17. Qb3+ Rf7 18. dxe5 Bxe5 19. Nxe5 fxe5 {[#]} 20. Rxh7 $1 {[%csl Gh7][%cal Rb3f7][%mdl 576] Pin} Qf6 (20... Kxh7 21. Qxf7+) 21. Qxf7+ Qxf7 22. Rxf7 Kxf7 {[#]} 23. Rc1 $1 1-0

[Event "VII Lorca Open 2018"]
[Site "Lorca"]
[Date "2018.12.29"]
[Round "7"]
[White "Huerga Leache, Mikel"]
[Black "Jimenez Ruano, Adrian"]
[Result "0-1"]
[WhiteElo "2448"]
[BlackElo "2245"]
[Annotator "TA"]
[PlyCount "53"]
[EventDate "2018.12.26"]
[EventType "swiss"]
[EventCountry "ESP"]
[SourceTitle "playchess.com"]
[Source "ChessBase"]
[SourceQuality "1"]

{[%evp 13,53,7,0,-70,-56,-64,-65,-59,-52,-89,-95,-93,-72,-57,-52,-58,-52,-49,-29,-46,-7,-27,-16,-27,-33,-32,-26,-31,-18,-60,-54,-59,-41,-54,-49,-90,-55,-51,-44,-69,-74,-100]} 1. Nf3 Nf6 2. c4 e6 3. d4 d5 4. Nc3 Bb4 5. Qb3 c5 {[%cal Bc7c5,Bc5c4][%mdl 32]} 6. cxd5 {D38: Queen's Gambit Declined: Ragozin Defence (4 Nf3 Bb4)} (6. dxc5 Qa5 7. Bd2 dxc4 8. Qxc4 Qxc5 9. Qxc5 Bxc5 10. Rc1 O-O 11. e3 Nc6 12. Be2 Bd7 13. O-O Rfd8 14. Rfd1 {½-½ (41) Wang,H (2709)-Mamedyarov,S (2799) Huaian 2017}) 6... exd5 7. Bg5 Nc6 {LiveBook: 11 Games} 8. Rd1 (8. dxc5 $11 Be6 9. O-O-O) 8... h6 9. Bxf6 Qxf6 10. a3 c4 11. Qa4 $146 ({Predecessor:} 11. Qc2 Bf5 12. Qc1 Ba5 13. e3 O-O {0-1 (40) Kirillov,V-Suetin,A Tallinn (Estonia) 1956}) 11... Bxc3+ 12. bxc3 Bd7 {[#] aiming for ...Nxd4.} 13. Qc2 O-O 14. g3 Rfe8 15. Bg2 Qe7 16. Qb2 b5 17. e3 Rab8 18. O-O Qd6 19. Nd2 a5 20. e4 Be6 21. f4 f5 22. e5 Qd7 23. Kh1 Rec8 24. Qc2 Ne7 25. Rb1 Rb6 26. Nf3 Rcb8 27. Nh4 {Accuracy: White = 46%, Black = 64%.} 0-1

[Event "VII Lorca Open 2018"]
[Site "Lorca"]
[Date "2018.12.29"]
[Round "7"]
[White "Tejedor Fuente, Enrique"]
[Black "Sreeshwan Maralakshikari"]
[Result "0-1"]
[WhiteElo "2428"]
[BlackElo "2244"]
[Annotator "TA"]
[PlyCount "65"]
[EventDate "2018.12.26"]
[EventType "swiss"]
[EventCountry "ESP"]
[SourceTitle "playchess.com"]
[Source "ChessBase"]
[SourceQuality "1"]

{[%evp 15,65,24,25,24,36,22,28,18,52,37,53,34,67,9,14,17,29,31,22,14,25,14,13,25,19,36,42,10,18,0,31,32,78,71,62,54,79,79,79,71,69,66,73,25,71,70,72,66,61,4,15,2]} 1. e4 c6 2. b3 d5 3. exd5 cxd5 4. Bb2 Nc6 5. Nf3 Nf6 (5... Bg4 6. h3 Bh5 7. Bb5 e6 8. g4 Bg6 9. Ne5 Nge7 10. h4 h5 11. Nxg6 Nxg6 12. g5 {1-0 (41) Chigaev,M (2526)-Pustovoitova,D (2356) Minsk 2015}) 6. Bb5 {B10: Caro-Kann: 2 d3 and 2 c4} Bd7 7. O-O e6 8. d4 $146 ({Predecessor:} 8. Bxc6 Bxc6 9. d3 Bd6 10. Qe2 O-O 11. Nbd2 Rc8 12. Ne5 {1-0 (46) Luczynski,J (2070)-Grabek,G (1800) Augustow 1997}) 8... Bd6 {LiveBook: 3 Games} 9. Nbd2 O-O 10. Re1 Rc8 11. a3 a6 12. Bd3 Ne7 13. c4 Ng6 14. Rc1 (14. c5 $14 Nf4 15. Bc2) 14... dxc4 $11 15. bxc4 Bb8 16. g3 Bc6 17. Qe2 Ba7 18. Ne4 Nxe4 19. Bxe4 Bxe4 20. Qxe4 Qb6 21. Ba1 Qc6 22. Qg4 Rfe8 23. h4 f5 24. Qh5 {Black must now prevent Ng5.} Nf4 25. gxf4 {Hoping for Ng5.} g6 {[#]} 26. Qh6 $1 ({Of course not} 26. d5 Qc5 $11) 26... Qxf3 27. Rc3 Qh5 28. Qxh5 gxh5 29. Rb1 Re7 30. Rg3+ Kf8 31. c5 Bb8 32. Rgb3 (32. Rf3 $14) 32... Bxf4 33. Kg2 {[%mdl 32768] Accuracy: White = 38%, Black = 47%. . Sensor Board Error (Ke4/e5)?} 0-1

[Event "VII Lorca Open 2018"]
[Site "Lorca"]
[Date "2018.12.29"]
[Round "7"]
[White "Bjerre, Jonas Buhl"]
[Black "Pap, Misa"]
[Result "1/2-1/2"]
[WhiteElo "2421"]
[BlackElo "2480"]
[Annotator "TA"]
[PlyCount "53"]
[EventDate "2018.12.26"]
[EventType "swiss"]
[EventCountry "ESP"]
[SourceTitle "playchess.com"]
[Source "ChessBase"]
[SourceQuality "1"]

{[%evp 18,53,47,47,43,45,127,46,47,35,27,0,14,19,9,0,0,0,1,1,3,-45,-25,-29,-24,-29,-22,-31,-12,-15,0,-14,-10,-20,-25,-21,-22,-49]} 1. e4 e5 2. Nf3 Nc6 3. Bb5 a6 4. Ba4 Nf6 5. O-O b5 6. Bb3 Bb7 7. d3 Bd6 8. a3 O-O {C78: Ruy Lopez: Archangelsk and Möller Defences} 9. Be3 h6 10. Nc3 {LiveBook: 8 Games} Ng4 {White is slightly better.} 11. Bd2 Re8 $146 (11... Nf6 $14) ({Predecessor:} 11... Bc5 12. Bd5 d6 13. b4 Bb6 14. Bb3 Ne7 15. a4 c6 16. Nh4 Nf6 17. Qf3 Nh7 18. Kh1 Kh8 19. Be3 Bd4 {½-½ (19) Inarkiev,E (2566)-Vasquez Schroder,R (2481) Linares 2003}) 12. Nd5 (12. Ng5 $1 $16 {[%cal Rg5f7]} hxg5 13. Qxg4) 12... Nf6 $14 13. Nxf6+ (13. Ne3 {seems wilder.} a5 14. a4 b4 15. Re1 Bc8 16. Nf5) 13... Qxf6 14. Bd5 Rab8 15. a4 b4 16. Be3 Nd4 17. Bxd4 {[#] Bxb7 is the strong threat.} Bxd5 18. Ba7 Ra8 19. Be3 (19. exd5 $5 {[%cal Ra7e3]} Rxa7 20. b3 $11) 19... Bc6 20. Nd2 Bf8 21. Nb3 d5 22. f3 Rad8 23. Qe1 Rb8 24. Ba7 Ra8 25. Be3 a5 26. Qf2 Bd6 27. c4 {Accuracy: White = 40%, Black = 40%.} 1/2-1/2

[Event "VII Lorca Open 2018"]
[Site "Lorca"]
[Date "2018.12.29"]
[Round "7"]
[White "Arjun Kalyan"]
[Black "Nayhebaver, Martin"]
[Result "1/2-1/2"]
[WhiteElo "2406"]
[BlackElo "2460"]
[Annotator "RC"]
[PlyCount "40"]
[EventDate "2018.12.26"]
[EventType "swiss"]
[EventCountry "ESP"]
[SourceTitle "playchess.com"]
[Source "ChessBase"]
[SourceQuality "1"]
[TimeControl "5400+30"]

1. e4 {[%emt 0:00:00]} c5 {[%emt 0:00:00]} 2. Nf3 {[%emt 0:00:00]} d6 {[%emt 0:00:17]} 3. d4 {[%emt 0:00:00]} cxd4 {[%emt 0:00:05]} 4. Nxd4 {[%emt 0:00:00]} Nf6 {[%emt 0:00:10]} 5. Nc3 {[%emt 0:00:00]} Nc6 {[%emt 0:00:12]} 6. Bg5 {[%emt 0:00:33]} e6 {[%emt 0:00:19]} 7. Qd2 {[%emt 0:00:26]} Be7 {[%emt 0:00:20]} 8. O-O-O {[%emt 0:03:41]} a6 {[%emt 0:00:42]} 9. f3 {[%emt 0:01:32]} Qc7 {[%emt 0:04:01]} 10. h4 {[%emt 0:03:03]} Ne5 {[%emt 0:02:36]} 11. Kb1 {[%emt 0:01:44]} Rb8 {[%emt 0:01:08]} 12. g4 {[%emt 0:13:34]} b5 {[%emt 0:03:05]} 13. Qg2 {[%emt 0:07:14]} b4 {[%emt 0:05:37]} 14. Nce2 {[%emt 0:00:15]} Bb7 {[%emt 0:00:44]} 15. Ng3 {[%emt 0:20:48]} d5 {[%emt 0:15:38]} 16. Bf4 {[%emt 0:02:25]} dxe4 {[%emt 0:05:06]} 17. fxe4 {[%emt 0:00:18]} Nfd7 {[%emt 0:05:00]} 18. g5 {[%emt 0:02:49]} Rc8 {[%emt 0:02:28]} 19. h5 {[%emt 0:01:26]} Qb6 {[%emt 0:00:41]} 20. Be2 {[%emt 0:03:59]} Rf8 {[%emt 0:19:32]} 1/2-1/2

[Event "VII Lorca Open 2018"]
[Site "Lorca"]
[Date "2018.12.29"]
[Round "7"]
[White "Domingo Nunez, Alejandro"]
[Black "Orantes Taboada, Francisco"]
[Result "1-0"]
[WhiteElo "2404"]
[BlackElo "2295"]
[Annotator "ChessBase"]
[PlyCount "38"]
[EventDate "2018.12.26"]
[EventType "swiss"]
[EventCountry "ESP"]
[SourceTitle "playchess.com"]
[Source "ChessBase"]
[SourceQuality "1"]
[TimeControl "5400+30"]

1. e4 {[%emt 0:00:00]} c5 {[%emt 0:00:00]} 2. Nf3 {[%emt 0:00:00]} Nc6 {[%emt 0:00:00]} 3. d4 {[%emt 0:00:00]} cxd4 {[%emt 0:00:00]} 4. Nxd4 {[%emt 0:00:00]} Nf6 {[%emt 0:00:00]} 5. Nc3 {[%emt 0:00:00]} e5 {[%emt 0:00:00]} 6. Ndb5 {[%emt 0:01:01]} d6 {[%emt 0:00:03]} 7. Bg5 {[%emt 0:00:37]} a6 {[%emt 0:00:22]} 8. Na3 {[%emt 0:02:09]} b5 {[%emt 0:01:55]} 9. Nd5 {[%emt 0:00:19]} Be7 {[%emt 0:00:23]} 10. Bxf6 {[%emt 0:01:02]} Bxf6 {[%emt 0:00:13]} 11. c3 {[%emt 0:01:49]} O-O {[%emt 0:00:23]} 12. Nc2 {[%emt 0:00:36]} Rb8 {[%emt 0:00:22]} 13. a4 {[%emt 0:04:12]} Bg5 {[%emt 0:09:10]} 14. axb5 {[%emt 0:04:13]} axb5 {[%emt 0:00:45]} 15. Bd3 {[%emt 0:01:29]} Be6 {[%emt 0:31:54]} 16. Qe2 {[%emt 0:07:32]} Bxd5 {[%emt 0:06:10]} 17. exd5 {[%emt 0:00:07]} Ne7 {[%emt 0:00:04]} 18. Nb4 {[%emt 0:00:44]} Qc8 {[%emt 0:15:49]} 19. Bxb5 {[%emt 0:30:31]} Ng6 {[%emt 0:07:38]} 1-0

[Event "VII Lorca Open 2018"]
[Site "Lorca"]
[Date "2018.12.29"]
[Round "7"]
[White "Merario Alarcon, Andres"]
[Black "Franco Ocampos, Zenon"]
[Result "0-1"]
[WhiteElo "2404"]
[BlackElo "2477"]
[Annotator "TA"]
[PlyCount "63"]
[EventDate "2018.12.26"]
[EventType "swiss"]
[EventCountry "ESP"]
[SourceTitle "playchess.com"]
[Source "ChessBase"]
[SourceQuality "1"]

{[%evp 29,63,43,130,113,137,105,84,77,77,79,84,77,111,93,149,122,122,118,118,118,116,110,131,111,119,104,100,107,115,83,76,76,88,89,133,95]} 1. d4 Nf6 2. c4 e6 3. Nc3 d5 4. Nf3 Be7 5. Bf4 O-O 6. e3 c5 7. dxc5 Nc6 8. Qc2 Bxc5 9. a3 Be7 10. Rd1 Qa5 11. Be2 {D37: Queen's Gambit Declined: 5 Bf4} dxc4 (11... Ne4 12. cxd5 Nxc3 13. Qxc3 Qxc3+ 14. bxc3 exd5 15. Rxd5 Bxa3 16. Nd4 Nxd4 17. exd4 b6 18. Kd2 Be6 {½-½ (95) Carlsen,M (2853)-Nakamura,H (2814) Saint Louis 2015}) 12. Bxc4 e5 13. Bg3 Bg4 14. O-O Rac8 15. Nd5 b5 {[#] LiveBook: 7 Games} ({Black should play} 15... Nxd5 $14 16. Bxd5 (16. Rxd5 Qc7 $14) 16... Bf6) 16. Ng5 $1 $16 {White wants to mate with Nxf6+.} g6 17. Nxe7+ Nxe7 18. Bxf7+ $1 Rxf7 19. Qb3 $146 {[%mdl 64] Pin} Rc4 20. f3 Bf5 {[#] ...Bc2 is the strong threat.} 21. e4 $1 Be6 ({Don't go for} 21... Qb6+ $2 22. Bf2 $18) (21... Rf8 $142) 22. Rd6 ({Worse is} 22. Nxf7 Bxf7 23. Be1 Qb6+ 24. Bf2 Qa5 $11) ({Don't play} 22. Bxe5 $6 Qb6+ 23. Kh1 Rc6 $14) 22... Bc8 {With the idea ...Rf8.} 23. Nxf7 Kxf7 24. Bxe5 Ne8 25. Rdd1 Be6 26. Qe3 Nc6 27. Qf4+ Kg8 28. Bc3 Qc7 29. Qg5 Qb6+ 30. Kh1 a5 31. f4 Rxe4 32. Rfe1 {[%mdl 32768] Accuracy: White = 73%, Black = 66%. . Loss on time!?} 0-1

[Event "VII Lorca Open 2018"]
[Site "Lorca"]
[Date "2018.12.29"]
[Round "7"]
[White "Sabuk, Piotr"]
[Black "Manu David Suthandram R"]
[Result "0-1"]
[WhiteElo "2391"]
[BlackElo "2153"]
[Annotator "NA"]
[PlyCount "56"]
[EventDate "2018.12.26"]
[EventType "swiss"]
[EventCountry "ESP"]
[SourceTitle "playchess.com"]
[Source "ChessBase"]
[SourceQuality "1"]
[TimeControl "5400+30"]

1. d4 {[%emt 0:00:00]} Nf6 {[%emt 0:00:11]} 2. Nf3 {[%emt 0:00:00]} e6 {[%emt 0:00:05]} 3. c4 {[%emt 0:00:28]} d5 {[%emt 0:00:09]} 4. g3 {[%emt 0:00:42]} c5 {[%emt 0:00:07]} 5. cxd5 {[%emt 0:06:06]} exd5 {[%emt 0:00:08]} 6. Bg2 {[%emt 0:00:04]} Nc6 {[%emt 0:00:07]} 7. O-O {[%emt 0:00:09]} Bg4 {[%emt 0:00:02]} 8. Ne5 {[%emt 0:08:04]} cxd4 {[%emt 0:00:06]} 9. Nxg4 {[%emt 0:03:45]} Nxg4 {[%emt 0:00:05]} 10. e4 {[%emt 0:04:16]} Nf6 {[%emt 0:00:05]} 11. exd5 {[%emt 0:01:02]} Nxd5 {[%emt 0:00:05]} 12. Qb3 {[%emt 0:05:42]} Nb6 {[%emt 0:00:04]} 13. a4 {[%emt 0:01:23]} a5 {[%emt 0:10:00]} 14. Bg5 {[%emt 0:17:13]} Be7 {[%emt 0:05:23]} 15. Bxc6+ {[%emt 0:06:54]} bxc6 {[%emt 0:00:05]} 16. Bxe7 {[%emt 0:00:44]} Kxe7 {[%emt 0:00:04]} 17. Nd2 {[%emt 0:03:42]} Nd5 {[%emt 0:08:45]} 18. Rac1 {[%emt 0:05:26]} Nb4 {[%emt 0:00:37]} 19. Rc5 {[%emt 0:06:37]} Re8 {[%emt 0:04:22]} 20. Nc4 {[%emt 0:04:38]} Kf8 {[%emt 0:01:11]} 21. Nxa5 {[%emt 0:00:55]} Qb6 {[%emt 0:00:04]} 22. Rf5 {[%emt 0:01:09]} Nd5 {[%emt 0:00:06]} 23. Qxb6 {[%emt 0:00:53]} Nxb6 {[%emt 0:00:04]} 24. Nxc6 {[%emt 0:01:41]} Nxa4 {[%emt 0:06:46]} 25. b3 {[%emt 0:00:35]} g6 {[%emt 0:00:07]} 26. Rf3 {[%emt 0:01:26]} Nc5 {[%emt 0:00:09]} 27. Nxd4 {[%emt 0:01:21]} Rad8 {[%emt 0:01:03]} 28. Rc1 {[%emt 0:01:50]} Ne4 {[%emt 0:00:17]} 0-1

[Event "VII Lorca Open 2018"]
[Site "Lorca"]
[Date "2018.12.29"]
[Round "7"]
[White "Domingo Nunez, Ruben"]
[Black "Garrido Outon, Alex"]
[Result "1-0"]
[WhiteElo "2383"]
[BlackElo "2097"]
[Annotator "ChessBase"]
[PlyCount "37"]
[EventDate "2018.12.26"]
[EventType "swiss"]
[EventCountry "ESP"]
[SourceTitle "playchess.com"]
[Source "ChessBase"]
[SourceQuality "1"]
[TimeControl "5400+30"]

1. Nf3 {[%emt 0:00:00]} Nf6 {[%emt 0:00:08]} 2. g3 {[%emt 0:00:00]} d5 {[%emt 0:00:31]} 3. Bg2 {[%emt 0:00:00]} Bf5 {[%emt 0:00:11]} 4. O-O {[%emt 0:00:02]} e6 {[%emt 0:00:16]} 5. b3 {[%emt 0:00:20]} Be7 {[%emt 0:00:55]} 6. Bb2 {[%emt 0:00:05]} h6 {[%emt 0:01:00]} 7. d3 {[%emt 0:00:09]} O-O {[%emt 0:00:14]} 8. Nbd2 {[%emt 0:00:04]} a5 {[%emt 0:02:47]} 9. a4 {[%emt 0:00:05]} Bh7 {[%emt 0:01:56]} 10. Ne5 {[%emt 0:01:15]} Nbd7 {[%emt 0:06:18]} 11. e4 {[%emt 0:06:11]} Nxe5 {[%emt 0:08:19]} 12. Bxe5 {[%emt 0:00:11]} c6 {[%emt 0:00:24]} 13. Qe2 {[%emt 0:02:25]} Qb6 {[%emt 0:05:20]} 14. Bb2 {[%emt 0:20:13]} Rfe8 {[%emt 0:11:02]} 15. e5 {[%emt 0:08:46]} Nd7 {[%emt 0:00:17]} 16. Kh1 {[%emt 0:00:06]} Qc5 {[%emt 0:08:31]} 17. Rfc1 {[%emt 0:02:40]} b5 {[%emt 0:03:26]} 18. f4 {[%emt 0:16:35]} Qb6 {[%emt 0:05:41]} 19. g4 {[%emt 0:10:01]} 1-0

[Event "VII Lorca Open 2018"]
[Site "Lorca"]
[Date "2018.12.29"]
[Round "7"]
[White "Valmana Canto, Jaime"]
[Black "Ibarra Jerez, Jose Carlos"]
[Result "1/2-1/2"]
[WhiteElo "2359"]
[BlackElo "2558"]
[Annotator "ChessBase"]
[PlyCount "35"]
[EventDate "2018.12.26"]
[EventType "swiss"]
[EventCountry "ESP"]
[SourceTitle "playchess.com"]
[Source "ChessBase"]
[SourceQuality "1"]
[TimeControl "5400+30"]

1. Nf3 {[%emt 0:05:00]} d5 {[%emt 0:00:24]} 2. g3 {[%emt 0:00:08]} g6 {[%emt 0:03:55]} 3. Bg2 {[%emt 0:01:15]} Bg7 {[%emt 0:00:10]} 4. c4 {[%emt 0:00:07]} dxc4 {[%emt 0:00:55]} 5. Qa4+ {[%emt 0:04:36]} Nc6 {[%emt 0:01:06]} 6. Qxc4 {[%emt 0:01:00]} e5 {[%emt 0:01:17]} 7. d3 {[%emt 0:07:14]} h6 {[%emt 0:10:50]} 8. Nc3 {[%emt 0:08:53]} Nge7 {[%emt 0:01:10]} 9. Bd2 {[%emt 0:04:05]} O-O {[%emt 0:01:43]} 10. O-O {[%emt 0:02:07]} Be6 {[%emt 0:05:38]} 11. Qa4 {[%emt 0:00:27]} Nd4 {[%emt 0:02:11]} 12. Rfc1 {[%emt 0:04:01]} c6 {[%emt 0:03:52]} 13. b4 {[%emt 0:06:11]} Bg4 {[%emt 0:14:15]} 14. Nxd4 {[%emt 0:13:22]} exd4 {[%emt 0:01:01]} 15. Ne4 {[%emt 0:00:05]} Bxe2 {[%emt 0:06:01]} 16. Qc2 {[%emt 0:00:24]} Bg4 {[%emt 0:02:18]} 17. a4 {[%emt 0:00:16]} Nd5 {[%emt 0:02:28]} 18. b5 {[%emt 0:04:27]} 1/2-1/2